Jalisco : datos y números, 1934-1959 /

Análisis y estadísticas sobre el desarrollo económico de Jalisco en el periodo 1934-1959, que corresponde a los primeros 25 años de historia del Banco Industrial de Jalisco, institución regional de crédito. Una sección sobre historia de Jalisco, que reproduce fragmentos de textos de José Cornejo Fra...

Descripción completa

Guardado en:
Detalles Bibliográficos
Otros autores: Cornejo Franco, José (autor) (autor), González Luna, Efraín (prólogo) (prólogo)
Formato: Libro
Idioma:Español
Publicado: Guadalajara, México : Banco Industrial de Jalisco, 1959, c1959
Temas:
Etiquetas: Agrega una etiqueta
Sin etiquetas, Sé el primero en etiquetar este registro!

MARC

LEADER 00000nam^a2200000^a^4500
001 000103729
005 20250526000000.0
009 20260310093359.339
037 |a Acervo ITESO - Biblioteca 
041 |a ESP 
082 |a 330. 9723506  |b JAL 
245 0 0 |a Jalisco :  |b datos y números, 1934-1959 /  |c J. Cornejo Franco... [et al.] ; pról. de E. González Luna. 
264 4 |a Guadalajara, México :  |b Banco Industrial de Jalisco,  |c 1959, c1959 
300 |a 201 p. ;  |c 20.5 cm. 
520 |a Análisis y estadísticas sobre el desarrollo económico de Jalisco en el periodo 1934-1959, que corresponde a los primeros 25 años de historia del Banco Industrial de Jalisco, institución regional de crédito. Una sección sobre historia de Jalisco, que reproduce fragmentos de textos de José Cornejo Franco y José Rogelio Alvarez, precede a la parte principal de la obra. 
649 |a XX 
650 |a Jalisco -  |x Condiciones Económicas 
650 |a Bancos y Operaciones Bancarias -  |z Jalisco -  |x Historia -  |y 1928-2000 
650 |a Bancos y Operaciones Bancarias -  |z Jalisco -  |x Historia -  |y Siglo XX 
650 |a Desarrollo Económico-Social -  |z Jalisco -  |x Estadísticas 
650 |a Desarrollo Económico-Social -  |z Jalisco -  |x Historia -  |y 1928-2000 
650 |a Desarrollo Económico-Social -  |z Jalisco -  |x Historia -  |y Siglo XX 
650 |a Economía -  |z Jalisco -  |x Estadísticas 
650 |a Economía -  |z Jalisco -  |x Historia -  |y 1928-2000 
650 |a Economía -  |z Jalisco -  |x Historia -  |y Siglo XX 
650 |a Jalisco -  |x Estadísticas 
650 |a Jalisco -  |x Historia 
650 |a México -  |x Condiciones Económicas 
650 |a Bancos y Operaciones Bancarias -  |z México -  |x Historia -  |y 1928-2000 
650 |a Bancos y Operaciones Bancarias -  |z México -  |x Historia -  |y Siglo XX 
650 |a Desarrollo Económico-Social -  |z México -  |x Estadísticas 
650 |a Desarrollo Económico-Social -  |z México -  |x Historia -  |y 1928-2000 
650 |a Desarrollo Económico-Social -  |z México -  |x Historia -  |y Siglo XX 
650 |a Economía -  |z México -  |x Estadísticas 
650 |a Economía -  |z México -  |x Historia -  |y 1928-2000 
650 |a Economía -  |z México -  |x Historia -  |y Siglo XX 
650 |a México -  |x Estadísticas 
650 |a México -  |x Historia 
700 |a Cornejo Franco, José  |e (autor) 
700 |a González Luna, Efraín  |e (prólogo) 
910 |a Fondo Jesús Rodríguez 
920 |a Impresos - Libros 
930 |a Libros Antiguos y Raros 
905 |a 108 
901 |a 0500040228  |b IT2  |c LRA  |u 20250526 
902 |a https://opac.biblio.iteso.mx/vufind/Record/000103729